000
00329pab a2200145 454500
008
180718b1986 xxu||||| |||| 00| 0 eng d
100
_a
Sethi, Narendra K. and Robert
245
_a
Zero - base budgeting
260
_c
1986
300
_a
9-16
362
_a
May
650
_a
Budget
773
_a
Indian Management
909
_a
4709
999
_c
4709
_d
4709